Yves Charles ZARKA. – Figures du pouvoir. Etudes de philosophie politique de Machiavel à Foucault. Paris, PUF, Fondements de la politique, 2001,162 p. (notice n° 1579510)
[ vue normale ]
| 000 -LEADER | |
|---|---|
| fixed length control field | 01325cam a2200169 4500500 |
| 005 - DATE AND TIME OF LATEST TRANSACTION | |
| control field | 20251228045956.0 |
| 041 ## - LANGUAGE CODE | |
| Language code of text/sound track or separate title | fre |
| 042 ## - AUTHENTICATION CODE | |
| Authentication code | dc |
| 100 10 - MAIN ENTRY--PERSONAL NAME | |
| Personal name | Tilliette, Xavier |
| Relator term | author |
| 245 00 - TITLE STATEMENT | |
| Title | Yves Charles ZARKA. – Figures du pouvoir. Etudes de philosophie politique de Machiavel à Foucault. Paris, PUF, Fondements de la politique, 2001,162 p. |
| 260 ## - PUBLICATION, DISTRIBUTION, ETC. | |
| Date of publication, distribution, etc. | 2002.<br/> |
| 500 ## - GENERAL NOTE | |
| General note | 90 |
| 520 ## - SUMMARY, ETC. | |
| Summary, etc. | Cet article discute la thèse de Bergson suivant laquelle toute philosophie consiste en l’explicitation d’une intuition première. A travers l’exemple de Schopenhauer, il s’attache à montrer que le point de départ d’une philosophie n’est pas une intuition, mais un problème que le philosophe s’efforce de résoudre par une « création » de concepts. |
| 520 ## - SUMMARY, ETC. | |
| Summary, etc. | This article discusses Bergsons’s assertion that each philosophy consists in the explication of a primeval intuition. It takes up the example of Schopenhauer and shows that the point of departure of his philosophy is not an intuition but a problem which the philosopher tries to solve through a « creation » of concepts. |
| 786 0# - DATA SOURCE ENTRY | |
| Note | Archives de philosophie | 65 | 3 | 2002-09-01 | p. 519c-534c | 0003-9632 |
| 856 41 - ELECTRONIC LOCATION AND ACCESS | |
| Uniform Resource Identifier | <a href="https://shs.cairn.info/revue-archives-de-philosophie-2002-3-page-519c?lang=fr&redirect-ssocas=7080">https://shs.cairn.info/revue-archives-de-philosophie-2002-3-page-519c?lang=fr&redirect-ssocas=7080</a> |
Pas d'exemplaire disponible.




Réseaux sociaux